Principales retos para el desarrollo de actividades de ciencia tecnología e innovación en la región (Registro nro. 710821)

Detalles MARC
001 - NÚMERO DE CONTROL
campo de control 1404513
005 - FECHA Y HORA DE LA ÚLTIMA TRANSACCIÓN
campo de control 20240621085905.0
008 - DATOS DE LONGITUD FIJA--INFORMACIÓN GENERAL
campo de control de longitud fija 150325e20140705 spa
035 ## - NÚMERO DE CONTROL DEL SISTEMA
Número de control de sistema 1404513
040 ## - FUENTE DE LA CATALOGACIÓN
Centro/agencia transcriptor comduadb
041 ## - CÓDIGO DE LENGUA
Código de lengua del texto/banda sonora o título independiente spa
100 10 - ENTRADA PRINCIPAL--NOMBRE DE PERSONA
Nombre de persona Garcia Duque, Carlos Emilio
Código de función aut
Término indicativo de función/relación Autor/a
9 (RLIN) 431599
245 10 - MENCIÓN DE TÍTULO
Título Principales retos para el desarrollo de actividades de ciencia tecnología e innovación en la región
650 #7 - PUNTO DE ACCESO ADICIONAL DE MATERIA--TÉRMINO DE MATERIA
Término de materia o nombre geográfico como elemento de entrada Ciencia y tecnología
Fuente del encabezamiento o término lemb
9 (RLIN) 44988
650 #7 - PUNTO DE ACCESO ADICIONAL DE MATERIA--TÉRMINO DE MATERIA
Término de materia o nombre geográfico como elemento de entrada Innovación
Fuente del encabezamiento o término Tesauro Unesco
9 (RLIN) 38847
650 ## - PUNTO DE ACCESO ADICIONAL DE MATERIA--TÉRMINO DE MATERIA
Término de materia o nombre geográfico como elemento de entrada Colciencias
9 (RLIN) 37180
650 ## - PUNTO DE ACCESO ADICIONAL DE MATERIA--TÉRMINO DE MATERIA
Término de materia o nombre geográfico como elemento de entrada Política de investigacion - Colombia
9 (RLIN) 40502
650 ## - PUNTO DE ACCESO ADICIONAL DE MATERIA--TÉRMINO DE MATERIA
Término de materia o nombre geográfico como elemento de entrada Investigación en la universidad
9 (RLIN) 11506
650 ## - PUNTO DE ACCESO ADICIONAL DE MATERIA--TÉRMINO DE MATERIA
Término de materia o nombre geográfico como elemento de entrada Universidad - Empresa - Estado
9 (RLIN) 212357
773 0# - ENLACE AL DOCUMENTO FUENTE/ENTRADA DE REGISTRO ANFITRIÓN
Título Ánfora (Manizales)
Parte(s) relacionada(s) Volumen 21, Número 37, Julio-Diciembre 2014, 11-17
Número de control del registro 322966
Número Internacional Normalizado para Publicaciones Seriadas 0121-6538
Número bibliográfico anfitrión 106376
942 ## - ELEMENTOS DE ENTRADA AGREGADA (KOHA)
Tipo de ítem Koha Artículo de Revista

No hay ítems disponibles.